000 01051nam a2200241 4500
003 CO-ViMGA
020 _a9789588879376
040 _aCO-ViMGA
_bspa
_cCO-ViMGA
082 0 4 _a510
_bV24e
100 1 _aVelasco Sotomayor, Gabriel,
_d1949-
_913570
245 1 0 _aLos enigmas del azar :
_brelatos sorprendentes sobre incertidumbre y probabilidad /
_cGabriel Velasco Sotomayor
260 _aBogotá :
_bLimusa - Noriega Editores
300 _a152 páginas :
_bilustraciones en blanco y negro, cuadros ; 24 cm
490 _aPlan Nacional de Lectura y Escritura Leer es mi Cuento / Ministerio de Cultura
500 _aRecomendado para público adulto
650 1 4 _aCoordenadas Cartesianas - Enseñanza Superior
_913571
650 1 4 _aFunciones - Enseñanza Superior
_913572
650 1 4 _aGeometria Euclidiana - Enseñanza Superior
_913573
650 1 4 _aMatematicas Para Ingenieros - Enseñanza Superior
_913574
650 1 4 _aMatematicas Recreativas - Enseñanza Superior
_913575
650 1 4 _aTrigonometria - Enseñanza Superior
_913576
942 _2ddc
_cBK
999 _c8586
_d8586